Vysokoúčinná nitritácia kalových vôd – vplyv substrátovej a produktovej inhibície a regulácie pH

Salvato in:
Dettagli Bibliografici
Autore principale: Poláková, Denisa (Autore)
Altri autori: Drtil, Miloslav (Relatore della tesi)
Natura: Manoscritto Libro
Lingua:slovacco
Pubblicazione: 2018
Soggetti:
Accesso online:http://is.stuba.sk/zp/portal_zp.pl?podrobnosti=136346
Tags: Aggiungi Tag
Nessun Tag, puoi essere il primo ad aggiungerne!!

MARC

LEADER 00000ntm a22000003a 4500
001 stuzp70011
003 SK-STU
005 20180602211601.4
007 ta
008 150427s2015----xo-----f-mn---000-0-slo-d
040 |a STU  |b slo 
041 0 |a slo 
100 1 |a Poláková, Denisa  |u 046290  |4 aut  |U FCHPT Ústav chemického a environmentálneho inžinierstva  |T FCHPT Oddelenie environmentálneho inžinierstva  |X 61548  |U C6290  |Y 120  |7 61548 
242 0 1 |a High efficient nitritation of sludge wastewater - effect of substrate and product inhibition and pH regulation  |y eng 
245 1 0 |a Vysokoúčinná nitritácia kalových vôd – vplyv substrátovej a produktovej inhibície a regulácie pH 
260 |c 2018 
650 4 |a odstraňovanie dusíka z OV  |2 slo 
650 4 |a nitritácia  |2 slo 
650 4 |a inhibícia NOB  |2 slo 
650 4 |a nitrogen removal in wastewater  |2 eng 
650 4 |a nitritation  |2 eng 
650 4 |a NOB inhibition  |2 eng 
700 1 |a Drtil, Miloslav  |u 046290  |k Z1  |4 ths  |U FCHPT Ústav chemického a environmentálneho inžinierstva  |T FCHPT Oddelenie environmentálneho inžinierstva  |X 3377  |U C6290  |Y 120  |7 A000003377 
856 4 |u http://is.stuba.sk/zp/portal_zp.pl?podrobnosti=136346